000 00755nam a2200229Ii 4500
003 JO-AjNU
008 230605s9999||||xx |||||||||||||| ||und||
017 _a2010/8/3201
020 _a978-9957-70-472-8
040 _aJO-AjNU
_bara
_erda
_cJO-AjNU
041 _aara
050 1 4 _aLB1025.3 2011
100 3 _aالعمري، حيدر محمد بركات ,
_eauthor
_961134
245 0 0 _aالمساءلة في النظم التربوية = ACCOUNTABILITY IN EDUCATIONAL SYSTEMS
250 _aط1
264 3 1 _aاربد:عالم الكتب الحديث، 2011
300 _a179ص
336 _atext
_btxt
_2rdacontent
337 _aunmediated
_bn
_2rdamedia
338 _avolume
_bnc
_2rdacarrier
650 4 _aالادارة التربويه
_961135
999 _aA27614
_c31182
_d31182